000 00830nmc a2200289 a 4500
003 AR-BaBNM
005 20251128203916.0
008 011101s1993 ||||||||||||||000 | spa||
020 _a950-581-638-3
040 _cAR-BaBNM
100 1 _aViramonte de Avalos, Magdalena
245 1 0 _aLa nueva lingüística en la enseñanza media
_bfundamentos teóricos y propuesta metodológica
260 _aBuenos Aires
_bColihue
_c1993
300 _a109 p.
490 0 _aNuevos caminos
500 _aContiene índice de las materias
504 _aBibliografía: p. 105-109
650 4 _aLINGUISTICA
650 4 _aMATERIAL DIDACTICO
650 4 _aGRAMATICA
650 4 _aSINTAXIS
650 4 _aMORFOLOGIA [LINGUISTICA]
653 _aEDUCACION SECUNDARIA
653 _aENSENANZA DE LA LENGUA
942 _cBK
998 _claura
999 _c5429
_d5429